Top 40 Most Influential People of All Time - Statistics

General Stats
  • This quiz has been taken 317 times
  • The average score is 16 of 40
Answer Stats
Hint1 Answer % Correct
17. Adolf Hitler
86%
1. Jesus Christ
86%
6. Muhammad
77%
16. George Washington
74%
15. Abraham Lincoln
68%
2. Albert Einstein
63%
4. Leonardo Da Vinci
63%
3. Isaac Newton
60%
38. Winston Churchill
58%
21. Julius Caesar
54%
24. Napoleon Bonaparte
51%
14. Mahatma Gandhi
50%
8. Alexander the Great
45%
40. Confucius
45%
20. Gautama Buddha
45%
37. Christopher Columbus
43%
10. Plato
43%
7. Galileo Galilei
40%
12. Martin Luther King, Jr.
40%
5. Aristotle
39%
13. Socrates
39%
28. Genghis Khan
38%
22. Karl Marx
38%
23. Martin Luther
32%
32. Thomas Jefferson
30%
11. William Shakespeare
30%
9. Charles Darwin
29%
30. Marie Curie
29%
26. Thomas Edison
29%
34. Michelangelo
25%
18. Moses
25%
31. Ludwig van Beethoven
24%
19. Nikola Tesla
24%
27. Wolfgang Amadeus Mozart
23%
29. Benjamin Franklin
22%
33. Nelson Mandela
20%
25. Johannes Gutenberg
16%
35. Henry Ford
15%
36. Homer
12%
39. Bill Gates
8%
No matching quizzes found
Score Distribution
Percent of People with Each Score
Percentile by Number Answered
Your Score History
You have not taken this quiz